LIBRARY & INFORMATION CENTRE, KCAET, TAVANUR

ONLINE PUBLIC ACCESS CATALOGUE (OPAC)

Open Channel Flow (Record no. 14149)

MARC details
000 -LEADER
fixed length control field 00274nam a22001217a 4500
020 ## - INTERNATIONAL STANDARD BOOK NUMBER
ISBN 9788120335226
082 ## - DEWEY DECIMAL CLASSIFICATION NUMBER
Classification number 532.54
Item number MAD/OP
100 ## - MAIN ENTRY--AUTHOR NAME
Personal name Madan Mohan Das
245 ## - TITLE STATEMENT
Title Open Channel Flow
260 ## - PUBLICATION, DISTRIBUTION, ETC. (IMPRINT)
Place of publication New Delhi
Name of publisher PHI Learning
Year of publication 2011
300 ## - PHYSICAL DESCRIPTION
Number of Pages 346
942 ## - ADDED ENTRY ELEMENTS (KOHA)
Koha item type Books
Holdings
Withdrawn status Lost status Damaged status Home library Current library Date acquired Full call number Accession Number Koha item type
      KAUAET KAUAET 26/08/2022 532.54 MAD/OP 24091 Books
free website counter